000 00375 a2200109 4500
001 ART_3421
005 20260410161714.0
008 260409a
245 1 0 _aComentario a "Sustitución de importaciones versus promoción de exportaciones ..."
100 1 _aGerchunoff, Pablo
773 0 _tDesarrollo económico
_g- Vol. 22, Nº 88 (ene./mar. 1983)
_wREV1174
999 _c16375
_d16375